| 000 | 00650nam a22002177a 4500 | ||
|---|---|---|---|
| 005 | 20251108174916.0 | ||
| 008 | 250721s2000 xx 000 0 ara d | ||
| 082 | 1 | 4 | _a647.9/خطي |
| 100 | 1 | _aالخطيب، خلود | |
| 245 | 1 | 0 | _aخدمات الأغذية والمشروبات / |
| 264 | 1 |
_aالجيزة : _bهلا للنشر والتوزيع، _c2000. |
|
| 300 | _aج3. | ||
| 490 | 0 | _aسلسلة علوم الفنادق | |
| 650 | 1 | 7 | _aصناعة الخدمات |
| 650 | 1 | 7 | _aالفنادق |
| 650 | 1 | 7 | _aمعدات التموين |
| 650 | 1 | 7 | _aالاغذية |
| 650 | 1 | 7 | _aالمشروبات |
| 942 |
_2ddc _cBK |
||
| 999 |
_c121233 _d121233 |
||